LEADER 00889nam0-2200301 --450 001 9910495552503321 005 20211005114601.0 010 $a978-88-8353-542-0 100 $a20210921d2007----kmuy0itay5050 ba 101 0 $aita 102 $aIT 105 $aa 001yy 200 1 $aBarcellona$etrasformazioni contemporanee$fGiacomo Delbene 210 $aRoma$cMeltemi$d[2007] 215 $a453 p.$cill.$d19 cm 225 1 $aBabele$v47 610 0 $aBarcellona$aSistemazione urbanistica$a1997-2007 610 0 $aArchitettura$aBarcellona$a1979-2007 610 0 $aBarcellona$aSistemazione urbanistica$a1979-2007 676 $a711.4094672$v20 700 1$aDelbene,$bGiacomo$0836707 801 0$aIT$bUNINA$gREICAT$2UNIMARC 901 $aBK 912 $a9910495552503321 952 $aARCH B 3665$b632/2021$fFARBC 959 $aFARBC 996 $aBarcellona$91869580 997 $aUNINA